000 00817nam a2200241Ia 4500
003 OSt
005 20221005104836.0
006 a|||||r|||| 00| 0
007 ta
008 221004b |||||||| |||| 00| 0 hin d
024 _a29368
037 _cTextual
040 _aCRL
_cCRL
_bhin
041 _2hin
_ahin
082 _aV1:2.N9, 152N6
100 _aचौधरी, बी बी
245 0 _aतुलनात्मक शासन और राजनीति
246 _aTulanātmak shāsan aur rājanīti
260 _aदिल्ली
_bश्री महावीर बुक डिपो पब्लिशर्स भारत
_c1991
300 _a699पृ.
_ccm.
942 _hV1:2.N9, 152N6
_cTEXL
_2cc
999 _c1013958
_d1013958